[Event "PHI-ch U20"]
[Site "San Antonio"]
[Date "2014.04.24"]
[Round "6"]
[White "Acedo, John Gerard"]
[Black "McDominique, Lagula"]
[Result "0-1"]
[WhiteElo "2005"]
[BlackElo "2090"]
[PlyCount "120"]
[EventDate "2014.04.21"]
[EventType "swiss"]
[EventRounds "11"]
[EventCountry "PHI"]
[SourceTitle "CBM 160 Extra"]
[Source "ChessBase"]
[SourceDate "2014.07.01"]
[SourceVersion "1"]
[SourceVersionDate "2014.07.01"]
[SourceQuality "1"]

1. d4 Nf6 2. c4 g6 3. Nc3 Bg7 4. e4 0-0 5. f3 Nc6 6. Be3 e5 7. Nge2 exd4 8. Nxd4 Re8 9. Be2 d6 10. Qd2 Nh5 11. Nxc6 bxc6 12. Bg5 Bf6 13. Bxf6 Qxf6 14. g3 Rb8 15. 0-0 Bh3 16. Rf2 Ng7 17. Rc1 Ne6 18. Qh6 Qg5 19. Qxg5 Nxg5 20. Bd3 Bd7 21. Kg2 Bh3+ 22. Kh1 f5 23. b3 fxe4 24. Bxe4 Nxe4 25. Nxe4 Kg7 26. Re2 Bf5 27. Rce1 Bxe4 28. Rxe4 Kf7 29. Rf4+ Kg7 30. Rfe4 Rxe4 31. Rxe4 Kf7 32. Rf4+ Ke7 33. Re4+ Kd7 34. Rh4 Rh8 35. Kg2 c5 36. Rf4 Re8 37. Kf2 Ke6 38. Re4+ Kf7 39. Ke3 g5 40. Rxe8 Kxe8 41. Ke4 h6 42. Kf5 Kf7 43. a3 a5 44. h3 c6 45. h4 gxh4 46. gxh4 h5 47. f4 d5 48. Ke5 d4 49. Ke4 Ke6 50. f5+ Kf6 51. Kf4 d3 52. Ke3 Kxf5 53. Kxd3 Kg4 54. Ke4 Kxh4 55. Ke5 Kg5 56. Kd6 h4 57. Kxc6 h3 58. Kxc5 h2 59. Kb5 h1Q 60. Kxa5 Kf6 0-1